Falun Gong / (Record no. 64776)

MARC details
000 -LEADER
fixed length control field 00497nam a22001697a 4500
005 - DATE AND TIME OF LATEST TRANSACTION
control field 20120409122057.0
020 ## - INTERNATIONAL STANDARD BOOK NUMBER
International Standard Book Number 8170219884
Terms of availability 95.00
035 ## - SYSTEM CONTROL NUMBER
System control number B-27311
037 ## - SOURCE OF ACQUISITION
Stock number DPL
Source of stock number/acquisition ENG
100 ## - MAIN ENTRY--PERSONAL NAME
Personal name Hongzhi, Li
245 ## - TITLE STATEMENT
Title Falun Gong /
Statement of responsibility, etc by Li Hongzhi
250 ## - EDITION STATEMENT
Edition statement rev. ed.
260 ## - PUBLICATION, DISTRIBUTION, ETC. (IMPRINT)
Place of publication, distribution, etc New Delhi
Name of publisher, distributor, etc Health Harmony
Date of publication, distribution, etc 2000
300 ## - PHYSICAL DESCRIPTION
Extent 185p.
Dimensions 20 cms.
942 ## - ADDED ENTRY ELEMENTS (KOHA)
Source of classification or shelving scheme Dewey Decimal Classification
Item type English Books
Classification part 250
Call number suffix LIH
Holdings
Withdrawn status Lost status Not for loan Collection code Home library Current library Date acquired Cost, normal purchase price Full call number Barcode Cost, replacement price Koha item type
      Non-fiction Sarojini Nagar Sarojini Nagar 09/04/2012 95.00 250 LIH B-27311 95.00 English Books

© Delhi Public Library
Hit Counter
free hit counter